000 00253nam a2200109Ia 4500
008 190907s9999||||xx |||||||||||||| ||und||
100 _aCatherine Ricardo
245 0 _aDatabase Systems
260 _aUSA
_bMcGraw-Hill
_c1990
300 _a576
942 _cBK
999 _c6357
_d6357